| 000 | 00000cam 2200000zi 4500 |
| 001 | 9.958169 |
| 003 | CaOODSP |
| 005 | 20251211105157 |
| 006 | m o d f |
| 007 | cr bn||||||||| |
| 008 | 251211e19620320onc o f000 0 eng d |
| 040 | |aCaOODSP|beng|erda|cCaOODSP |
| 043 | |an-cn-nt |
| 086 | 1 |aEn58-27/5-62E-PDF |
| 100 | 1 |aThompson, H. A., |eauthor. |
| 245 | 10|aTemperature normals, averages and extremes in the Northwest Territories during the period 1931 to 1960 / |cby H.A. Thompson. |
| 264 | 1|aToronto, Ontario : |bMeteorological Branch, Department of Transport, |cMarch 20, 1962. |
| 300 | |a1 online resource (25 pages). |
| 336 | |atext|btxt|2rdacontent |
| 337 | |acomputer|bc|2rdamedia |
| 338 | |aonline resource|bcr|2rdacarrier |
| 490 | 1 |aCDS ; |v#5-62 |
| 500 | |aDigitized edition from print [produced by Environment and Climate Change Canada]. |
| 520 | |a"These Climatic Data sheets contain monthly and annual normals and averages of maximum, minimum and mean temperatures and extremes maximum and minimum temperatures for those stations in the Northwest Territories that were in operation during all, or part of, the 1951-1960 decade"--Page [1]. |
| 650 | 0|aAtmospheric temperature|zNorthwest Territories|vObservations. |
| 650 | 6|aTempérature atmosphérique|zTerritoires du Nord-Ouest|vObservations. |
| 710 | 1 |aCanada. |bMeteorological Branch, |eissuing body. |
| 830 | #0|aCDS ;|vno. 5-62.|w(CaOODSP)9.932874 |
| 856 | 40|qPDF|s5830 KB|uhttps://publications.gc.ca/collections/collection_2025/eccc/en58/En58-27-5-62-eng.pdf |